Tone in lexical phonology

Bibliographic Details
Published in:Studies in natural language and linguistic theory
Main Author: Pulleyblank, Douglas
Content type: Book
Published: Dordrecht: Reidel 1986
Series:Studies in natural language and linguistic theory ;
Source:MPIPL_cat

MARC

LEADER 00000nam a2200000 ub4500
001 PL0001749
003 PLI01000000000000000001697
005 00000000000000.0
008 ||| u
020 |a 90-277-2123-8 
020 |a 9789027721235 
090 |a 206-Pul/1 
100 1 |a Pulleyblank, Douglas 
245 0 0 |a Tone in lexical phonology  |c D. Pulleyblank 
260 |a Dordrecht  |b Reidel  |c 1986 
300 |a XII, 249 P. 
490 0 |a Studies in natural language and linguistic theory ; 
500 |a Rev ed. of PhD thesis MIT 1983 
830 0 |w PL0000540 
852 |c 206-Pul/1  |m BOOK